| 000 | 00420nab a2200145Ia 4500 | ||
|---|---|---|---|
| 003 | ES-SlBCS | ||
| 005 | 20210601125316.0 | ||
| 008 | 140529s1985 xxu||||| |||| 00| 0 eng d | ||
| 041 | _aeng | ||
| 100 | 1 |
_aSantoni, Ronald E. _950261 |
|
| 245 | 0 | 0 |
_aJust War and Nuclear Reality _c Ronald E. Santoni |
| 650 | 0 | 4 |
_aNucleares _9128067 |
| 773 | 0 |
_tPhilosophy Today _gvol. 29, nº. 3, 1985, págs. 175-190 _wRev325 |
|
| 942 | _cAR | ||
| 999 |
_c528207 _d528207 |
||